Rural industrialization
Gespeichert in:
| Körperschaft: | |
|---|---|
| Format: | Buch |
| Sprache: | Englisch |
| Veröffentlicht: |
Nueva York
ONU
1974
|
| Schlagworte: | |
| Tags: |
Tag hinzufügen
Keine Tags, Fügen Sie den ersten Tag hinzu!
|
MARC
| LEADER | 00000nam a2200000 a 4500 | ||
|---|---|---|---|
| 001 | UCU2655 | ||
| 003 | CL-VaPUC | ||
| 005 | 20250102145037.0 | ||
| 008 | 960426e19740000us 1 eng d | ||
| 082 | 0 | 4 | |a 333.76 |b DEP |2 21 |
| 110 | 2 | |a Department of Economic and Social Affairs |e author |9 617649 | |
| 245 | 1 | 0 | |a Rural industrialization |
| 260 | |a Nueva York |b ONU |c 1974 | ||
| 300 | |a 18 p | ||
| 583 | |a last modification |c 19960426 00:00:00 |k Rodrigo Vera | ||
| 650 | 0 | 0 | |a Zonas rurales |9 317366 |
| 650 | 0 | 0 | |a Industrias |9 263688 |
| 650 | 0 | 0 | |a Industrialización |9 263687 |
| 650 | 0 | 7 | |a PLANIFICACION RURAL |2 CL-VaPUC |9 617650 |
| 650 | 0 | 0 | |a Áreas subdesarrolladas |9 564340 |
| 650 | 0 | 0 | |a Zonas industriales |9 466737 |
| 942 | |c BK | ||
| 945 | |a paguirre |d 19960426 00:00:00 | ||
| 546 | |a En Inglés | ||
| 518 | |p Rural Industrialization, Bucarest, 24 al 28 Septiembre de 1973 | ||
| 999 | |c 382578 |d 382576 | ||
| 952 | |0 0 |1 0 |4 0 |6 333_760000000000000_DEP_1974 |7 0 |8 A |9 504351 |a BIBING |b BIBING |d 2020-01-23 |i 1642286 |o 333.76 DEP 1974 |p 1642286 |r 2025-01-20 |w 2020-01-23 |y BK |k GEO | ||